000 00739cab a2200205 4500
001 WB2610-31
008 090401t1990 xxu||||| |||| 00| 0 eng d
035 _a(Sirsi) u3534
041 _aeng
245 _aBarn conversion
260 _c1990
350 _a0
490 _aEGCS
_v(1990) 26
520 _aIn Charnwood BC v SOS for the Environment and another QBD 23 February 1990 an application to quash a planning inspector`s decision allowing an appeal against the refusal of a local authority to grant planning permission for the conversion of a barn , was dismissed.
650 _aPLANNING POLICY GUIDANCE NOTE 7
650 _aSTRUCTURE PLANS
690 _aPLANNING LAW AND PRACTICE-CASE LAW
942 _n0
948 _c04/03/1997
999 _c2176
_d2176